000 00604nam a2200205Ia 4500
003 GCL
008 140319s9999 xx 000 0 ara d
040 _aGCL /
_cGCL
082 0 4 _a701.18
_bم ا
100 1 _aمحمود البسيونى
245 1 0 _aابداع الفن وتذوقه /
_cمحمود البسيونى
260 _a[S.N] :
_bدار المعارف ،
_c1993
300 _a442 ص
490 _a
650 0 4 _aالابداع الادبى والفنى
650 0 4 _aالتذوق الفنى
650 0 4 _aالتربية الفنية
650 0 4 _aالفن - نقد
942 _2ddc
_cBK
999 _c55484
_d55484